Global strategy for dealing with alien invasive species (Registro nro. 12955)

Detalles MARC
000 -CABECERA
Campo de control 006220000a22001930004500
090 ## - CLASIFICACIÓN LOCAL
Colección AR
Consecutivo 03921
041 0# - IDIOMA
Código de idioma para texto/pista de sonido o título separado
100 1# - ASIENTO PRINCIPAL--NOMBRE PERSONAL
Nombre personal Mooney, Harold A.
245 10 - MENCION DE TITULO
Título Global strategy for dealing with alien invasive species
260 ## - PUBLICACION, DISTRIBUCION, ETC. (PIE DE IMPRENTA)
Nombre del editor, distribuidor, etc. Kluwer Academic Publishers
Fecha de publicación, distribución, etc. 1999
300 ## - DESCRIPCION FISICA
Extensión 407-418
500 ## - NOTA GENERAL
Nota general <Colección Recursos Genéticos>
650 14 - ASIENTO SECUNDARIO DE MATERIA - TERMINO TEMATICO
Término temático o nombre geográfico como elemento de entrada Especies invasoras
650 14 - ASIENTO SECUNDARIO DE MATERIA - TERMINO TEMATICO
Término temático o nombre geográfico como elemento de entrada Riesgo ambiental
650 14 - ASIENTO SECUNDARIO DE MATERIA - TERMINO TEMATICO
Término temático o nombre geográfico como elemento de entrada Impacto económico
650 14 - ASIENTO SECUNDARIO DE MATERIA - TERMINO TEMATICO
Término temático o nombre geográfico como elemento de entrada Ecología
773 1# - Item fuente:
Título In Sandlund, O.; Schei, P.; Viken, A. eds./ Invasive species and biodiversity management
942 ## - ELEMENTOS ADICIONALES (KOHA)
Tipo de ítem Artículo
Existencias
Withdrawn status Lost status Damaged status No para préstamo Colección Ubicación Permanente Ubicación actual Fecha de adquisición Datos de publicación Seriada Total Checkouts Número topográfico Inventario / Código de Barras Date last seen Ejemplar Price effective from Forma de adquisición Tipo de material
      No para Préstamo Hemeroteca Bogotá Bogotá 27/02/2015 Fuera de circulación   AR 03921 015190 25/03/2015 1 25/03/2015   Artículo